| 000 | 00923nam0a22002771 4500 | ||
|---|---|---|---|
| 001 | rc\4011522 | ||
| 005 | 20250611054820.0 | ||
| 021 |
_aRU _b[55-39592] |
||
| 035 | _a(NLR Aleph) 008080067 | ||
| 090 |
_a9117827 _c9117827 |
||
| 100 | _a20130415d1955 |||y0rusy50 ca | ||
| 101 | 0 | _arus | |
| 102 | _aRU | ||
| 105 | _aa b ||||| | ||
| 200 | 1 |
_aКатализ _e(Ускорители хим. реакций) _fПод ред. чл.-кор. АН СССР К.В. Чмутова |
|
| 210 |
_aМосква _cГостехиздат _d1955 |
||
| 215 |
_a40 с. _cил. _d20 |
||
| 225 | 1 |
_aНаучно-популярная библиотека _vВып. 80 |
|
| 606 |
_aКатализ _2psbo |
||
| 700 | 1 |
_aКалинин _bИ.А. _gИгорь Александрович |
|
| 702 | 1 |
_aЧмутов _bК.В. _4340 |
|
| 801 | 0 |
_aRU _bNLR _gpsbo |
|
| 801 | 1 |
_aRU _bELAR _2rusmarc |
|
| 852 |
_aNLR _jХ-02 Г-4/1038 |
||
| 942 | _cBOOK | ||
| 980 | _aNB | ||